000 00396nam a2200145Ia 4500
008 230917s9999||||xx |||||||||||||| ||und||
040 _e68088
_aMAIN
041 _aEnglish
082 _a330.156 S13M
100 _aStafford, L W T
245 4 _aThe modern economy: a theoretical debate and its practical implications
260 _aLondon
_bLongman
_c1976
300 _avii, 124 p.
942 _cBK
999 _c189254
_d189254